| 000 | 00366nam a2200145Ia 4500 | ||
|---|---|---|---|
| 005 | 20251222153611.0 | ||
| 008 | 251222s9999||||xx |||||||||||||| ||spa|| | ||
| 020 | _a8430925619 | ||
| 082 | _a348.6/B74 | ||
| 100 | _aBorrajo Dacruz, Efrén | ||
| 245 | 0 | _aIntroducción al Derecho del Trabajo | |
| 250 | _a7ma. ed. | ||
| 264 | _bEditorial Tecnos, S.A. | ||
| 942 | _cLIB | ||
| 999 |
_c31593 _d31593 |
||